| 000 | 00740nam a2200241 a 4500 | ||
|---|---|---|---|
| 001 | 000039880 | ||
| 003 | DO-SdBNP | ||
| 005 | 20240530073922.0 | ||
| 008 | 130726s2013 dr r 000 0 spa d | ||
| 020 | _a9789945489750 | ||
| 040 |
_aDO-SdBNP _bspa _cBNPHU |
||
| 082 | 4 |
_aRD863.44 _bG934m _222 |
|
| 100 | 1 |
_aGuerrero, Laureano, _d1952- _977343 |
|
| 245 | 1 | 0 |
_aMozura / _cLaureano Guerrero. |
| 260 |
_aSanto Domingo : _bSantuario, _c2013. |
||
| 300 |
_a235 p. ; _c24 cm. |
||
| 500 | _aIncluye datos biográficos del autor en la solapa de la cubierta | ||
| 590 | _aInventariado, 2019/BT | ||
| 650 | 0 |
_aNovela dominicana _9223 |
|
| 650 | 4 |
_aLiteratura dominicana _979751 |
|
| 910 | _aValidado. Control de calidad MFF | ||
| 942 |
_2ddc _cLBS1 |
||
| 999 |
_c39370 _d39370 |
||